Crushing and grinding; (Record no. 100883)

MARC details
000 -LEADER
fixed length control field 00755nam a2200241 4500
008 - FIXED-LENGTH DATA ELEMENTS--GENERAL INFORMATION
fixed length control field
049 0# - LOCAL HOLDINGS (OCLC)
Holding library MAIN
050 0# - LIBRARY OF CONGRESS CALL NUMBER
Classification number REF Z7914 DEP
003 - CONTROL NUMBER IDENTIFIER
control field
005 - DATE AND TIME OF LATEST TRANSACTION
control field 20230120191425.0
040 ## - CATALOGING SOURCE
Transcribing agency NUST
110 1# - MAIN ENTRY--CORPORATE NAME
Corporate name or jurisdiction name as entry element Great Britain.
Subordinate unit Dept. of Scientific and Industrial Research.
245 10 - TITLE STATEMENT
Title Crushing and grinding;
Remainder of title a bibliography.
260 ## - PUBLICATION, DISTRIBUTION, ETC.
Place of publication, distribution, etc. London,
Name of publisher, distributor, etc. H. M. Stationery Off.,
Date of publication, distribution, etc. 1958.
300 ## - PHYSICAL DESCRIPTION
Extent ix, 425 p.
Other physical details illus.
Dimensions 25 cm.
500 ## - GENERAL NOTE
General note Includes bibliographical references
500 ## - GENERAL NOTE
General note Includes index.
650 #0 - SUBJECT ADDED ENTRY--TOPICAL TERM
Topical term or geographic name entry element Mills and mill-work
General subdivision Bibliography.
650 #0 - SUBJECT ADDED ENTRY--TOPICAL TERM
Topical term or geographic name entry element Milling machinery
General subdivision Bibliography.
650 #0 - SUBJECT ADDED ENTRY--TOPICAL TERM
Topical term or geographic name entry element Ore-dressing
General subdivision Bibliography.
907 ## - LOCAL DATA ELEMENT G, LDG (RLIN)
a .b10226758
b 25-01-07
c 25-01-07
942 ## - ADDED ENTRY ELEMENTS (KOHA)
Koha item type Ordinary Loan Books
Holdings
Date last seen Total Checkouts Full call number Barcode Cost, replacement price Price effective from Koha item type Lost status Source of classification or shelving scheme Damaged status Not for loan Collection Withdrawn status Home library Current library Shelving location Date acquired Cost, normal purchase price
01/20/2023   REF Z7914 DEP 92003021447 80.00 01/20/2023 BOOKS   lcc     NFIC   MAIN MAIN GEN 01/20/2023 80.00